Essentials of statistics (Record no. 759147)

MARC details
000 -LEADER
fixed length control field 00373nam a2200157 4500
020 ## - INTERNATIONAL STANDARD BOOK NUMBER
ISBN 9781292469706
082 ## - DEWEY DECIMAL CLASSIFICATION NUMBER
Classification number 519.5
Item number TRI.E
084 ## - OTHER CLASSIFICATION NUMBER
Source of Number Colon Classification
100 ## - MAIN ENTRY--AUTHOR NAME
Personal name Triola,Mario F
245 ## - TITLE STATEMENT
Title Essentials of statistics
250 ## - EDITION STATEMENT
Edition statement 7th ed.
260 ## - PUBLICATION, DISTRIBUTION, ETC. (IMPRINT)
Place of publication England:
Name of publisher Pearson,
Year of publication 2025.
300 ## - PHYSICAL DESCRIPTION
Number of Pages 704p.
942 ## - ADDED ENTRY ELEMENTS (KOHA)
Source of classification or shelving scheme Dewey Decimal Classification
Koha item type Book
Holdings
Withdrawn status Lost status Source of classification or shelving scheme Damaged status Not for loan Home Library Current Location Shelving location Date acquired Full call number Accession Number Price effective from Koha item type
    Dewey Decimal Classification     Campus Library Kariavattom Campus Library Kariavattom General Stacks 28/04/2026 519.5 TRI.E UCL35621 28/04/2026 Book